Zneužitá novela

Bibliographic Details
Main Author: Drozdíková, Ingrid (Author)
Format: Article
Language:Slovak
Subjects:

MARC

LEADER 00000nab a2200000 ar4500
001 vtls009960679
003 SK-MaSNL
005 20260304042325.0
008 091016c2009 xo wr|p|||||||000 b|slo
015 |a SNBRB2009/10  |2 snkbucl 
040 |a SNKBUCL  |b slo  |c SNKBUCL  |e AACR2 
041 0 |a slo 
044 |a xo  |c SK 
080 |a 342.725  |x (437.6)  |2 2001 
080 |a 316.022.4(=511.141)  |x (437.6)  |2 2001 
080 |a 811.162.4'271  |2 2001 
100 1 |a Drozdíková, Ingrid  |4 aut  |9 856947 
245 1 0 |a Zneužitá novela  |c Ingrid Drozdíková 
650 0 7 |a slovenčina  |2 snkbucl  |9 1350 
650 0 7 |a jazykový zákon  |x novelizácia  |2 snkbucl  |9 1219628 
650 0 7 |a jazyky národnostných menšín  |2 snkbucl  |9 390261 
650 0 7 |a Maďari  |z Slovensko  |2 snkbucl  |9 301236 
650 0 7 |a štátny jazyk  |2 snkbucl  |9 19393 
651 7 |a Slovensko  |2 snkbucl 
773 0 |t Žurnál  |g Roč. III, č. 37 (2009), s. 12-13  |x 1337-219X 
852 |a SNK  |b KIS3GCP 
958 |a SK 
999 |c 2673708  |d 2675638